A MANUAL OF CLINICAL SURGERY (Record no. 13698)

MARC details
000 -LEADER
fixed length control field 00277nam a22001337a 4500
003 - CONTROL NUMBER IDENTIFIER
control field SGT
082 ## - DEWEY DECIMAL CLASSIFICATION NUMBER
Classification number 617
Item number M16D
100 ## - MAIN ENTRY--PERSONAL NAME
Personal name DAS, A.
245 ## - TITLE STATEMENT
Title A MANUAL OF CLINICAL SURGERY
260 ## - PUBLICATION, DISTRIBUTION, ETC. (IMPRINT)
Place of publication, distribution, etc INDIA
Name of publisher, distributor, etc S.D. PUB.
300 ## - PAGE DESCRIPTION
No. of Pages 2016
650 ## - SUBJECT ADDED ENTRY--TOPICAL TERM
Topical term or geographic name as entry element SURGERY
942 ## - ADDED ENTRY ELEMENTS (KOHA)
Source of classification or shelving scheme Dewey Decimal Classification
Koha item type Books
942 ## - ADDED ENTRY ELEMENTS (KOHA)
-- 67
Holdings
Withdrawn status Lost status Source of classification or shelving scheme Damaged status Not for loan Collection code Home library Current library Shelving location Date acquired Vendor Name Cost, normal purchase price SGTU Bill Number Total Checkouts Total Renewals Full call number Accession No. (Barcode) Date last seen Date last borrowed Bill Date Koha item type
    Dewey Decimal Classification     MEDICAL SGT Medical Library SGT Medical Library Reference Book 07/10/2017 ABC 931.00 SGTU 8371 43 1 617 M16D FM8786 16/04/2026 26/03/2026 26/06/2017 Books
    Dewey Decimal Classification     MEDICAL SGT Medical Library SGT Medical Library Reference Book 07/10/2017 ABC 931.00 SGTU 8371     617 M16D FM8787 07/10/2017   26/06/2017 Books
    Dewey Decimal Classification     MEDICAL SGT Medical Library SGT Medical Library Reference Book 07/10/2017 ABC 931.00 SGTU 8371 30   617 M16D FM8788 04/11/2024 04/11/2024 26/06/2017 Books
    Dewey Decimal Classification     MEDICAL SGT Medical Library SGT Medical Library Reference Book 07/10/2017 ABC 931.00 SGTU 8371 53   617 M16D FM8789 03/10/2025 03/10/2025 26/06/2017 Books
    Dewey Decimal Classification     MEDICAL SGT Medical Library SGT Medical Library Reference Book 07/10/2017 ABC 931.00 SGTU 8371 45   617 M16D FM8790 21/04/2025 04/04/2025 26/06/2017 Books